Effect of planting methods on yield of cassava varietu km 94, ប្រសិទ្ធិភាពបច្ចេកទេសដាំដុះលើទិន្នផលនៃពូជដំឡូងមី KM ៩៤ (Record no. 7834)
[ view plain ]
| 000 -LEADER | |
|---|---|
| fixed length control field | 00505nam a22001337a 4500 |
| 003 - CONTROL NUMBER IDENTIFIER | |
| control field | OSt |
| 005 - DATE AND TIME OF LATEST TRANSACTION | |
| control field | 20160325100656.0 |
| 008 - FIXED-LENGTH DATA ELEMENTS--GENERAL INFORMATION | |
| fixed length control field | 160325b xxu||||| |||| 00| 0 eng d |
| 040 ## - CATALOGING SOURCE | |
| Transcribing agency | RUA |
| 082 ## - DEWEY DECIMAL CLASSIFICATION NUMBER | |
| Classification number | AGR YOU 2011 B472 Or.1 |
| 245 ## - TITLE STATEMENT | |
| Title | Effect of planting methods on yield of cassava varietu km 94, ប្រសិទ្ធិភាពបច្ចេកទេសដាំដុះលើទិន្នផលនៃពូជដំឡូងមី KM ៩៤ |
| 300 ## - PHYSICAL DESCRIPTION | |
| Extent | xii,69. |
| Other physical details | ill. |
| Dimensions | 29cm. |
| 942 ## - ADDED ENTRY ELEMENTS (KOHA) | |
| Source of classification or shelving scheme | |
| Koha item type | AGR |
| Price effective from | Date last seen | Permanent Location | Not for loan | Date acquired | Source of classification or shelving scheme | Koha item type | Lost status | Withdrawn status | Date last checked out | Total Checkouts | Shelving location | Damaged status | Barcode | Current Location | Full call number |
|---|---|---|---|---|---|---|---|---|---|---|---|---|---|---|---|
| 2016-03-25 | 2022-06-27 | Library Block B | 2016-03-25 | AGR | 2022-06-17 | 1 | B472 | RUA057489 | Library Block B | AGR YOU 2011 B472 Or.1 |